Marketing v nových podmienkach Európy
Udržateľná konkurenčná výhoda ako výsledok úspešnej implementácie marketingovej stratégie. Kľúčové indikátory marketingovej úspešnosti. Adaptácia mier úspešnosti podľa typu marketingovej stratégie. Použitie širšieho súboru ukazovateľov a mier výkonu. Súbor pužitých mier výkonu by mal byť prispôsoben...
Salvato in:
| Autore principale: | |
|---|---|
| Natura: | Capitolo di libro |
| Lingua: | slovacco |
| Soggetti: | |
| Tags: |
Nessun Tag, puoi essere il primo ad aggiungerne!!
|
MARC
| LEADER | 00000nla$a2200000$$$4500 | ||
|---|---|---|---|
| 001 | 0060229 | ||
| 005 | 20240502083142.6 | ||
| 041 | 0 | |a slo | |
| 044 | |a CZ | ||
| 245 | 1 | 0 | |a Marketing v nových podmienkach Európy |c Dagmar Lesáková |
| 520 | |a Udržateľná konkurenčná výhoda ako výsledok úspešnej implementácie marketingovej stratégie. Kľúčové indikátory marketingovej úspešnosti. Adaptácia mier úspešnosti podľa typu marketingovej stratégie. Použitie širšieho súboru ukazovateľov a mier výkonu. Súbor pužitých mier výkonu by mal byť prispôsobený - šitý na mieru konkrétneho podniku. Vytvorenie pyramídy vzájomne prepojených indikátorov výkonu. | ||
| 610 | 2 | 0 | |a marketing |
| 610 | 2 | 0 | |a stratégia marketingová |
| 610 | 2 | 0 | |a značky výrobkov |
| 610 | 2 | 0 | |a produkty |
| 610 | 2 | 0 | |a trh |
| 610 | 2 | 0 | |a zákazníci |
| 610 | 2 | 0 | |a systém CRM |
| 610 | 2 | 0 | |a konkurencia |
| 100 | 1 | |a Lesáková, Dagmar, 1949- | |